Pocta ľudákovi Matica slovenská chce oceniť muža, ktorý počas holokaustu prikazoval novinárom, aby nevzbudzovali súcit so Židmi

Bibliographic Details
Main Author: Getting, Peter, 1975- (Author)
Format: Article
Language:Slovak
PhysicalDescription:Fotogr.
ISSN:1210-4040
Subjects:
Online Access:http://www.pluska.sk/plus-7-dni/domov/pocta-ludakovi-ocenia-byvaleho-pracovnika-nacistickeho-uradu-propagandy.html

MARC

LEADER 00000nab a2200000 a 4500
001 vtls010549402
003 SK-MaSNL
005 20260304025540.0
008 131009c2013 xo wrzp 0 0slo
015 |a SNBRB2013/10  |2 rvgkpd 
038 |a RVGKPD 
040 |a RVGKPD  |b slo  |c RVGKPD  |e AACR2 
041 0 |a slo 
044 |a xo  |c SK 
080 |a 821.162.4  |2 1997 
080 |a 929 Kružliak, Imrich  |2 1997 
080 |a 061.22  |2 1997 
100 1 |a Getting, Peter,  |d 1975-  |4 aut  |9 234075 
245 1 0 |a Pocta ľudákovi  |b Matica slovenská chce oceniť muža, ktorý počas holokaustu prikazoval novinárom, aby nevzbudzovali súcit so Židmi  |c Peter Getting 
300 |b Fotogr. 
600 1 7 |a Kružliak, Imrich,  |d 1914-2019  |2 rvgkpd  |9 105619 
610 2 7 |a Matica slovenská  |2 rvgkpd  |9 14662 
650 0 7 |a publicisti  |2 rvgkpd  |9 63929 
650 0 7 |a exiloví spisovatelia  |2 rvgkpd  |9 78239 
773 0 |t Plus 7 dní  |g Roč. XXIII, č. 31 (2013), s. 106-107  |x 1210-4040 
852 |a RVGKPD  |b KIS3G 
856 4 1 |u http://www.pluska.sk/plus-7-dni/domov/pocta-ludakovi-ocenia-byvaleho-pracovnika-nacistickeho-uradu-propagandy.html 
958 |a BX 
958 |a SK 
992 |a RBX 
999 |c 2628521  |d 2630451